|
|
|
|
| LEADER |
00000nab a2200000 a 4500 |
| 001 |
vtls009486262 |
| 003 |
SK-MaSNL |
| 005 |
20260304215921.0 |
| 008 |
090324c2007 xo r m 000 00slo |
| 015 |
|
|
|a SNBRA2009/03SVKPO
|
| 038 |
|
|
|a SVKPO
|
| 040 |
|
|
|a SVKPOCL
|c slo
|e AACR2
|
| 041 |
0 |
|
|a slo
|b ger
|
| 044 |
|
|
|a xo
|c SK
|
| 080 |
|
|
|a 050(=161)"1919/2006"
|2 2001
|
| 080 |
|
|
|a (437.671.117.176)"1919/2006"
|2 2001
|
| 080 |
|
|
|a 070.48(=161)"1919/2006"
|2 2001
|
| 080 |
|
|
|a 050(=161.2)"1919/2006"
|2 2001
|
| 080 |
|
|
|a 070.48(=161.2)"1919/2006"
|2 2001
|
| 100 |
1 |
|
|a Džupinková, Zuzana,
|d 1954-
|4 aut
|9 120761
|
| 245 |
1 |
0 |
|a Prehľad rusínskych a ukrajinských periodík vychádzajúcich v Prešove v rokoch 1919 - 2006 (s dôrazom na fond ŠVK Prešov)
|c Zuzana Džupinková
|
| 300 |
|
|
|a Fotogr.
|
| 504 |
|
|
|a Bibliogr. odkazy
|
| 546 |
|
|
|a Res. nem.
|
| 610 |
2 |
7 |
|a Štátna vedecká knižnica v Prešove
|2 svkpocl
|9 252340
|
| 648 |
|
7 |
|a r. 1919-2006
|2 svkpocl
|9 1551092
|
| 650 |
0 |
7 |
|a rusínske periodiká
|z Prešov (Slovensko)
|y r. 1919-2006
|2 svkpocl
|9 1551093
|
| 650 |
0 |
7 |
|a ukrajinské periodiká
|z Prešov (Slovensko)
|y r. 1919-2006
|2 svkpocl
|9 1551094
|
| 651 |
|
7 |
|a Prešov (Slovensko)
|2 svkpocl
|9 17347
|
| 773 |
0 |
|
|t Z minulosti a súčasnosti knižnej kultúry Prešova
|d Prešov : Štátna vedecká knižnica, 2007
|g S. 105-125
|z 9788085734676
|
| 852 |
|
|
|a SVKPO
|b KIS3GCP
|
| 958 |
|
|
|a SK
|
| 958 |
|
|
|a NB
|
| 958 |
|
|
|a RN
|
| 958 |
|
|
|a UK
|
| 999 |
|
|
|c 3148917
|d 3150847
|